Statistics for Top 25 NBA Players of 2024

Click here to take the quiz!

General Stats

  • This quiz has been taken 210 times
  • The average score is 25 of 25

Answer Stats

Rank and TeamAnswer% Correct
2. 76ersJoel Embiid
100%
8. SunsKevin Durant
100%
3. MavericksLuka Doncic
100%
6. WarriorsStephen Curry
100%
14. LakersAnthony Davis
99%
9. SunsDevin Booker
99%
4. BucksGiannis Antetokounmpo
99%
5. CelticsJason Tatum
99%
12. ClippersKawhi Leonard
99%
15. LakersLebron James
99%
1. NuggetsNikola Jokic
99%
11. ClippersPaul George
99%
7. ThunderShai Gilgeous-Alexander
99%
19. HawksTrae Young
99%
16. TimberwolvesAnthony Edwards
98%
10. BucksDamian Lillard
98%
20. CavaliersDonovan Mitchell
98%
18. GrizzliesJa Morant
98%
21. CelticsJaylen Brown
98%
17. HeatJimmy Butler
98%
25. MavericksKyrie Irving
98%
13. PacersTyrese Haliburton
98%
23. ClippersJames Harden
97%
22. KingsDe'Aaron Fox
95%
24. RaptorsPascal Siakam
93%

Score Distribution

Percentile by Number Answered

Percent of People with Each Score

Your Score History

You have not taken this quiz